1667 1021 1020 1167 1337 1551 1418 1711 1501 1040 1228 1663 1058 1515 1509 1998 1089 1228 1099 1844 1972 1481 1231 1691 1323 1893 1320 1313 1816 1751 1069 1500 1767 1268 1124 1302 1506 1486 1975 1470 1908 1850 1917 1606 1992 1056 1104 1219 1285 1737 1599 1506 1822 1843 1168 1093 1674 1302 1106 1322 1265 1158 1936 1240 1864 1630 1016 1568 1127 1634 1723 1370 1671 1987 1581 1875 1688 1215 1410 1844 1433 1737 1610 1288 1715 1031 1650 1833 1073 1099 1128 1501 1007 1440 1171 1692 1758 1054 1733 BCNSPRNW ULIB Ver.6.0+V

เปลี่ยนเป็นภาษาไทย

Change to English
 แสดงรายละเอียดบรรณานุกรม
  กลับหน้าหลัก

Brief Record : Get Marc (ISO 2709) : E-mail record : QR code < ปิดหน้าต่าง
LEADER : 00000nam 2200000uu 4500
001    13399123443
003     ULIB
008    020711s2556 th a 000 0 tha d
020    9786163480866
060    QT104^bว711ส
100    วิโรจน์ ไววานนิชกิจ
245    สรีรวิทยาทางคลินิกพื้นฐาน : หลักการวินิจฉัยในเวชปฏิบัติ สำหรับพยาบาล แพทย์ และบุคลากรณ์ทางการแพทย์/^cวิโรจน์ ไววานนิชกิจ
250    พิมพ์ครั้งที่ 1
260    กรุงเทพฯ :^bโรงพิมพ์แห่งจุฬาลงกรณ์มหาวิทยาลัย,^c2556
300    96 หน้า;^b21 ซม.
650    สรีรวิทยา
650    การวินิจฉัยหน้าที่การทำงานของตับ
650    การวินิจฉัยหน้าที่การทำงานของไต
650    การวินิจฉัยหน้าที่การทำงานของตับอ่อน
650    การวินิจฉัยหน้าที่การทำงานของหัวใจ
650    การวินิจฉัยหน้าที่การทำงานของปอด
650    การวินิจฉัยหน้าที่การทำงานของต่อมไทรอยด์
650    การวินิจฉัยหน้าที่การทำงานของต่อมใต้สมอง
650    การวินิจฉัยหน้าที่การทำงานของหู
945    ^p315^l0^i20633
945    ^p315^l0^i20634
945    ^p315^l0^i20635
945    ^p315^l0^i20636
945    ^p315^l0^i20637
945    ^p315^l0^i20638
945    ^p315^l0^i20639
945    ^p315^l0^i20640
945    ^p315^l0^i20641
945    ^p315^l0^i20642
945    ^p315^l0^i20643
945    ^p315^l0^i20644
945    ^p315^l0^i20645
945    ^p315^l0^i20646
945    ^p315^l0^i20647
945    ^p315^l0^i20648
945    ^p315^l0^i20649
945    ^p315^l0^i20650
945    ^p315^l0^i20651
945    ^p315^l0^i20652
999    ^aทศพร เกษรทอง
รายการนี้ยังไม่มีแท็ก
คุณยังไม่ได้ล็อกอิน คุณสามารถมีกิจกรรมร่วมกับเว็บไซต์ได้ แต่ต้องล็อกอินก่อน ::
  ล็อกอิน

รายการสื่อสารสนเทศ

ลำดับที่ ประเภท เลขเรียก/บาร์โค้ด สถานที่ สถานะ
1. วิทยาศาสตร์การแพทย์ และสุขภาพ
หนังสือสำรอง
สถานะ=หนังสือสำรอง
QT104 ว711ส ฉ.1 
  Barcode: 20633
ห้องสมุดวิทยาเขตนครสวรรค์
►ส่วนจัดเก็บหนังสือเก่า นว.
บนชั้น
  ขอยืม
2. วิทยาศาสตร์การแพทย์ และสุขภาพ
วิทยาศาสตร์การแพทย์ และสุขภาพ
QT104 ว711ส ฉ.10 
  Barcode: 20642
ห้องสมุดวิทยาเขตนครสวรรค์
►ส่วนจัดเก็บหนังสือเก่า นว.
บนชั้น
  ขอยืม
3. วิทยาศาสตร์การแพทย์ และสุขภาพ
วิทยาศาสตร์การแพทย์ และสุขภาพ
QT104 ว711ส ฉ.11 
  Barcode: 20643
ห้องสมุดวิทยาเขตนครสวรรค์
►ส่วนจัดเก็บหนังสือเก่า นว.
บนชั้น
  ขอยืม
4. วิทยาศาสตร์การแพทย์ และสุขภาพ
วิทยาศาสตร์การแพทย์ และสุขภาพ
QT104 ว711ส ฉ.12 
  Barcode: 20644
ห้องสมุดวิทยาเขตนครสวรรค์
►ส่วนจัดเก็บหนังสือเก่า นว.
บนชั้น
  ขอยืม
5. วิทยาศาสตร์การแพทย์ และสุขภาพ
วิทยาศาสตร์การแพทย์ และสุขภาพ
QT104 ว711ส ฉ.13 
  Barcode: 20645
ห้องสมุดวิทยาเขตนครสวรรค์
►ส่วนจัดเก็บหนังสือเก่า นว.
บนชั้น
  ขอยืม
6. วิทยาศาสตร์การแพทย์ และสุขภาพ
วิทยาศาสตร์การแพทย์ และสุขภาพ
QT104 ว711ส ฉ.14 
  Barcode: 20646
ห้องสมุดวิทยาเขตนครสวรรค์
►ส่วนจัดเก็บหนังสือเก่า นว.
บนชั้น
  ขอยืม
7. วิทยาศาสตร์การแพทย์ และสุขภาพ
วิทยาศาสตร์การแพทย์ และสุขภาพ
QT104 ว711ส ฉ.15 
  Barcode: 20647
ห้องสมุดวิทยาเขตนครสวรรค์
►ส่วนจัดเก็บหนังสือเก่า นว.
บนชั้น
  ขอยืม
8. วิทยาศาสตร์การแพทย์ และสุขภาพ
วิทยาศาสตร์การแพทย์ และสุขภาพ
QT104 ว711ส ฉ.16 
  Barcode: 20648
ห้องสมุดวิทยาเขตนครสวรรค์
►ส่วนจัดเก็บหนังสือเก่า นว.
บนชั้น
  ขอยืม
9. วิทยาศาสตร์การแพทย์ และสุขภาพ
วิทยาศาสตร์การแพทย์ และสุขภาพ
QT104 ว711ส ฉ.17 
  Barcode: 20649
ห้องสมุดวิทยาเขตนครสวรรค์
►ส่วนจัดเก็บหนังสือเก่า นว.
บนชั้น
  ขอยืม
10. วิทยาศาสตร์การแพทย์ และสุขภาพ
วิทยาศาสตร์การแพทย์ และสุขภาพ
QT104 ว711ส ฉ.18 
  Barcode: 20650
ห้องสมุดวิทยาเขตนครสวรรค์
►ส่วนจัดเก็บหนังสือเก่า นว.
บนชั้น
  ขอยืม
11. วิทยาศาสตร์การแพทย์ และสุขภาพ
วิทยาศาสตร์การแพทย์ และสุขภาพ
QT104 ว711ส ฉ.19 
  Barcode: 20651
ห้องสมุดวิทยาเขตนครสวรรค์
►ส่วนจัดเก็บหนังสือเก่า นว.
บนชั้น
  ขอยืม
12. วิทยาศาสตร์การแพทย์ และสุขภาพ
วิทยาศาสตร์การแพทย์ และสุขภาพ
QT104 ว711ส ฉ.2 
  Barcode: 20634
ห้องสมุดวิทยาเขตนครสวรรค์
►ส่วนจัดเก็บหนังสือเก่า นว.
บนชั้น
  ขอยืม
13. วิทยาศาสตร์การแพทย์ และสุขภาพ
วิทยาศาสตร์การแพทย์ และสุขภาพ
QT104 ว711ส ฉ.20 
  Barcode: 20652
ห้องสมุดวิทยาเขตนครสวรรค์
►ส่วนจัดเก็บหนังสือเก่า นว.
บนชั้น
  ขอยืม
14. วิทยาศาสตร์การแพทย์ และสุขภาพ
วิทยาศาสตร์การแพทย์ และสุขภาพ
QT104 ว711ส ฉ.3 
  Barcode: 20635
ห้องสมุดวิทยาเขตนครสวรรค์
►ส่วนจัดเก็บหนังสือเก่า นว.
บนชั้น
  ขอยืม
15. วิทยาศาสตร์การแพทย์ และสุขภาพ
วิทยาศาสตร์การแพทย์ และสุขภาพ
QT104 ว711ส ฉ.4 
  Barcode: 20636
ห้องสมุดวิทยาเขตนครสวรรค์
►ส่วนจัดเก็บหนังสือเก่า นว.
บนชั้น
  ขอยืม
16. วิทยาศาสตร์การแพทย์ และสุขภาพ
วิทยาศาสตร์การแพทย์ และสุขภาพ
QT104 ว711ส ฉ.5 
  Barcode: 20637
ห้องสมุดวิทยาเขตนครสวรรค์
►ส่วนจัดเก็บหนังสือเก่า นว.
บนชั้น
  ขอยืม
17. วิทยาศาสตร์การแพทย์ และสุขภาพ
วิทยาศาสตร์การแพทย์ และสุขภาพ
QT104 ว711ส ฉ.6 
  Barcode: 20638
ห้องสมุดวิทยาเขตนครสวรรค์
►ส่วนจัดเก็บหนังสือเก่า นว.
บนชั้น
  ขอยืม
18. วิทยาศาสตร์การแพทย์ และสุขภาพ
วิทยาศาสตร์การแพทย์ และสุขภาพ
QT104 ว711ส ฉ.7 
  Barcode: 20639
ห้องสมุดวิทยาเขตนครสวรรค์
►ส่วนจัดเก็บหนังสือเก่า นว.
บนชั้น
  ขอยืม
19. วิทยาศาสตร์การแพทย์ และสุขภาพ
วิทยาศาสตร์การแพทย์ และสุขภาพ
QT104 ว711ส ฉ.8 
  Barcode: 20640
ห้องสมุดวิทยาเขตนครสวรรค์
►ส่วนจัดเก็บหนังสือเก่า นว.
บนชั้น
  ขอยืม
20. วิทยาศาสตร์การแพทย์ และสุขภาพ
วิทยาศาสตร์การแพทย์ และสุขภาพ
QT104 ว711ส ฉ.9 
  Barcode: 20641
ห้องสมุดวิทยาเขตนครสวรรค์
►ส่วนจัดเก็บหนังสือเก่า นว.
บนชั้น
  ขอยืม

รายการใกล้เคียง
    ผู้แต่ง [วิโรจน์ ไววานนิชกิจ]

    หัวเรื่อง [สรีรวิทยา]
    หัวเรื่อง [การวินิจฉัยหน้าที่การทำงานของตับ]
    หัวเรื่อง [การวินิจฉัยหน้าที่การทำงานของไต]
    หัวเรื่อง [การวินิจฉัยหน้าที่การทำงานของตับอ่อน]
    หัวเรื่อง [การวินิจฉัยหน้าที่การทำงานของหัวใจ]
    หัวเรื่อง [การวินิจฉัยหน้าที่การทำงานของปอด]
    หัวเรื่อง [การวินิจฉัยหน้าที่การทำงานของต่อมไทรอยด์]
    หัวเรื่อง [การวินิจฉัยหน้าที่การทำงานของต่อมใต้สมอง]
    หัวเรื่อง [การวินิจฉัยหน้าที่การทำงานของหู]

BibComment


ยังไม่เคยถูกคอมเมนท์

คอมเมนท์ทรัพยากรรายการนี้
  คอมเมนท์: สรีรวิทยาทางคลินิ..


 Copyright 2026. Bcnsprnw @Library